| 000 | 00500nam a22001697a 4500 | ||
|---|---|---|---|
| 005 | 20250228115909.0 | ||
| 008 | 250228b |||||||| |||| 00| 0 eng d | ||
| 020 | _a9781852510381 | ||
| 050 | _aHF5415.157 SLA | ||
| 100 | _aSlack Nigel | ||
| 245 |
_aThe Manufacturing Advantages: _bAchieving Competitive Manufacturing Operations/ _cNigel Slack |
||
| 260 |
_aLondon _bMercury Books _c1991 |
||
| 300 |
_aix. 214p. _bill. _c14 cm |
||
| 500 | _aIncludes Index | ||
| 650 | _2Production | ||
| 942 |
_2lcc _cBK _n0 |
||
| 999 |
_c4423 _d4423 |
||